[Event "Petroupoli ASOP Dias Seniors op"]
[Site "Petroupoli"]
[Date "2014.04.12"]
[Round "4.22"]
[White "Agriopoulou, Stavroula"]
[Black "Tselepis, Apostolos Dionysios"]
[Result "1-0"]
[WhiteElo "1000"]
[BlackElo "1000"]
[PlyCount "87"]
[EventDate "2014.03.22"]
[EventType "swiss"]
[EventRounds "7"]
[EventCountry "GRE"]
[SourceTitle "EXT 2024"]
[Source "ChessBase"]
[SourceDate "2023.10.10"]
[SourceVersion "1"]
[SourceVersionDate "2023.10.10"]
[SourceQuality "1"]

1. d4 d5 2. c4 e6 3. Nc3 Nf6 4. Bg5 Be7 5. e3 0-0 6. Bd3 Nc6 7. Bxf6 Bxf6 8. Qh5 h6 9. cxd5 Nb4 10. Be4 c6 11. dxc6 Nxc6 12. Nf3 Qa5 13. Qxa5 Nxa5 14. Ke2 Bd7 15. h4 Nc4 16. b3 Nd6 17. g4 Nxe4 18. Nxe4 Be7 19. g5 h5 20. Rac1 Bb5+ 21. Kd2 Bc6 22. Kd3 Bb5+ 23. Kc3 Bc6 24. Nfd2 a5 25. Rcg1 Bb4+ 26. Kd3 Bxd2 27. Kxd2 Bxe4 28. Rh3 Rfd8 29. f3 Bf5 30. Rhg3 e5 31. Rc1 exd4 32. e4 Be6 33. f4 g6 34. Rc5 a4 35. f5 gxf5 36. exf5 Rac8 37. Rb5 Bd7 38. Re5 Re8 39. Rd5 Ra8 40. Rxd7 axb3 41. axb3 Ra2+ 42. Kd3 Rh2 43. g6 Rh3 44. gxf7+ 1-0

[Event "Petroupoli ASOP Dias Seniors op"]
[Site "Petroupoli"]
[Date "2014.03.22"]
[Round "1.20"]
[White "Tselepis, Apostolos Dionysios"]
[Black "Zaharias, Aggelos"]
[Result "0-1"]
[WhiteElo "1000"]
[BlackElo "1248"]
[PlyCount "56"]
[EventDate "2014.03.22"]
[EventType "swiss"]
[EventRounds "7"]
[EventCountry "GRE"]
[SourceTitle "EXT 2024"]
[Source "ChessBase"]
[SourceDate "2023.10.10"]
[SourceVersion "1"]
[SourceVersionDate "2023.10.10"]
[SourceQuality "1"]

1. e4 e6 2. d4 d5 3. exd5 exd5 4. Nc3 c6 5. Nf3 Nf6 6. Be2 Bg4 7. 0-0 Bb4 8. Bd2 0-0 9. a3 Ba5 10. b4 Bc7 11. h3 Bxf3 12. Bxf3 Qd6 13. g3 Nbd7 14. Re1 Nb6 15. Bg5 Nc4 16. Bxf6 Qxf6 17. Be2 Nd6 18. Bf3 Nf5 19. Kg2 Nxd4 20. Bg4 Ne6 21. Qe2 Qxc3 22. Bxe6 fxe6 23. Qxe6+ Kh8 24. Qe7 Qf3+ 25. Kh2 Qxf2+ 26. Kh1 Qf3+ 27. Kh2 Qxg3+ 28. Kh1 Qh2# 0-1